000 00660cam a2200229 a 4500
001 000011633
005 20240516195916.0
008 761124s1968 sp a 001 0 spa
015 _aSp***
040 _aDO-SdBNP
_cDLC
_dDLC
043 _ae-sp---
082 _a641.5
_bE74i, 1968
100 1 _aEscobar, Julio
_927553
245 1 0 _aItinerarios por las cocinas y las bodegas de Castilla /
_cJulio Escobar.
250 _a4a ed.
260 _aMadrid :
_bEdiciones Cultura Hispánica,
_c1968.
300 _a253 p. :
_bil. ;
_c18 cm.
650 4 _aCocina española
_927554
650 0 _aGastronomía
_9362
910 _aCatalogación derivada
049 _aBNGR
999 _c11326
_d11326